[ Slovenské pivo ]
Z obsahu: Vytriezvenie slovenských pivovarníkov. Zvýšené dane spôsobujú problémy na trhu piva, producenti prehodnocujú obchodnú stratégiu. Rast objemu predaja ustupuje efektívnosti. Napriek kríze sila lídrov rastie. Sladovne sa učia žiť s princípmi trhu. Neľahká cesta slovenských sladovní. Chmeliars...
Guardado en:
| Autor principal: | |
|---|---|
| Otros Autores: | , |
| Formato: | Capítulo de libro |
| Lenguaje: | eslovaco |
| Materias: | |
| Etiquetas: |
Sin Etiquetas, Sea el primero en etiquetar este registro!
|
MARC
| LEADER | 00000naa$a2200000$$$4500 | ||
|---|---|---|---|
| 001 | 0028288 | ||
| 005 | 20231009081328.2 | ||
| 041 | 0 | |a slo | |
| 044 | |a SK | ||
| 245 | 1 | 0 | |a [ Slovenské pivo ] |c Ivan Haluza, Gabriel Beer, Juraj Janoška |
| 520 | |a Z obsahu: Vytriezvenie slovenských pivovarníkov. Zvýšené dane spôsobujú problémy na trhu piva, producenti prehodnocujú obchodnú stratégiu. Rast objemu predaja ustupuje efektívnosti. Napriek kríze sila lídrov rastie. Sladovne sa učia žiť s princípmi trhu. Neľahká cesta slovenských sladovní. Chmeliarstvo je stabilizované odvetvie. | ||
| 610 | 2 | 0 | |a pivo |
| 610 | 2 | 0 | |a trh |
| 610 | 2 | 0 | |a predaj |
| 610 | 2 | 0 | |a stratégia obchodná |
| 610 | 2 | 0 | |a efektívnosť |
| 610 | 2 | 0 | |a Slovensko |
| 100 | 1 | |a Haluza, Ivan | |
| 700 | 1 | |a Beer, Gabriel | |
| 700 | 1 | |a Janoška, Juraj | |